000 00644nam a22002297a 4500
003 OSt
005 20240607054033.0
006 a
008 240607b |||||||| |||| 00| 0 eng d
020 _a9781603209212
040 _aDWCL-Main lib.
_cOC
082 _aGR. 051 T583 2012
110 _aEditors of Time for Kids Magazine
245 _aTime for kids almanac 2013 /
260 _a New York :
_bTime Home Entertainment Inc.,
_cc2012.
300 _b256 p. ;
_c23 cm.
504 _aIncludes index.
650 _a1. Almanacs--Children's.
650 _a2. Almanacs.
710 _aEditors of Time for Kids Magazine
942 _2ddc
_n0
_cGR
_kGR.
999 _c352
_d352